[Event "Calgary int."]
[Site "Calgary CAN"]
[Date "2025.08.02"]
[Round "5.1"]
[White "Mikhalevski, Victor"]
[Black "Thavandiran, Shiyam"]
[Result "1-0"]
[WhiteElo "2499"]
[BlackElo "2398"]
[WhiteFideId "-1"]
[WhiteFideId "-1"]
[PlyCount "115"]
[GameId "2206451229089792"]
[EventDate "2025.07.31"]
[EventType "swiss"]
[EventRounds "9"]
[EventCountry "CAN"]

1. d4 e6 2. Nf3 Nf6 3. c4 a6 4. Nc3 d5 5. cxd5 exd5 6. Bg5 Be6 7. e3 Nbd7 8. Bd3 Bd6 9. O-O c6 10. Bh4 h6 11. Rc1 O-O 12. h3 Qc7 13. Qe1 Rae8 14. Nd2 g5 15. Bg3 Bxg3 16. fxg3 Kg7 17. a3 Re7 18. Bb1 Rfe8 19. Qf2 Nh5 20. g4 Ng3 21. Rfe1 h5 22. e4 Qf4 23. gxh5 Nf6 24. Re3 Nfxh5 25. Rce1 dxe4 26. Ndxe4 Nxe4 27. Rxe4 Qxf2+ 28. Kxf2 Kf8 29. Re5 f6 30. R5e3 Nf4 31. Bc2 Bf7 32. Rxe7 Rxe7 33. Rxe7 Kxe7 34. Bf5 Be6 35. Be4 Kd6 36. Kf3 f5 37. Bc2 Nd5 38. g3 Nf6 39. h4 g4+ 40. Ke3 Nh5 41. Ne2 Bc4 42. Bxf5 Bxe2 43. Bg6 Nxg3 44. Kf2 Kd5 45. Kxg3 Kxd4 46. Bf5 Ke5 47. Bxg4 Bd3 48. Bc8 b6 49. Kg4 a5 50. Kg5 b5 51. h5 b4 52. axb4 axb4 53. h6 c5 54. Ba6 Bh7 55. Bc4 Kd4 56. b3 Ke5 57. Bf7 Kd6 58. Kf6 1-0

[Event "Calgary int."]
[Site "Calgary CAN"]
[Date "2025.08.02"]
[Round "5.2"]
[White "Ivanov, Mike"]
[Black "Taylor, Tristan"]
[Result "1-0"]
[WhiteElo "2383"]
[BlackElo "1973"]
[WhiteFideId "-1"]
[WhiteFideId "-1"]
[PlyCount "81"]
[GameId "2206451229069312"]
[EventDate "2025.07.31"]
[EventType "swiss"]
[EventRounds "9"]
[EventCountry "CAN"]

1. e4 e6 2. d4 d5 3. e5 c5 4. c3 Nc6 5. Nf3 Qb6 6. Bd3 cxd4 7. cxd4 Bd7 8. O-O Nxd4 9. Nbd2 Bc5 10. Nxd4 Bxd4 11. Qh5 Bb5 12. Bxb5+ Qxb5 13. Nf3 Bb6 14. Qg4 g6 15. b3 Ne7 16. Bg5 h5 17. Qf4 Nf5 18. Bf6 Rg8 19. a4 Qxb3 20. a5 Bd8 21. Rfc1 Qb5 22. Ng5 Qd7 23. Nh7 g5 24. Qb4 Ne7 25. Rab1 Rb8 26. Bxg5 Nc6 27. Qf4 f5 28. Bxd8 Qxh7 29. Rxc6 Qg6 30. Bg5 Qxg5 31. Rxe6+ Kd7 32. Rd6+ Ke7 33. Qf3 Rgc8 34. Rxd5 Rc1+ 35. Rxc1 Qxc1+ 36. Rd1 Qc2 37. Qxh5 b5 38. e6 Kxe6 39. Qg6+ Ke7 40. Qd6+ Kf7 41. Re1 1-0

[Event "Calgary int."]
[Site "Calgary CAN"]
[Date "2025.08.02"]
[Round "5.4"]
[White "Srinivasan, Hemant"]
[Black "Doknjas, Neil"]
[Result "0-1"]
[WhiteElo "2097"]
[BlackElo "2225"]
[WhiteFideId "-1"]
[WhiteFideId "-1"]
[PlyCount "111"]
[GameId "2206451229061120"]
[EventDate "2025.07.31"]
[EventType "swiss"]
[EventRounds "9"]
[EventCountry "CAN"]
[TimeControl "90+30"]

1. d4 {[%eval 17,0] [%emt 0:00:00]} Nf6 {[%eval 19,0] [%emt 0:00:00]} 2. c4 {[%eval 18,0] [%emt 0:00:00]} e6 {[%eval 14,0] [%emt 0:00:00]} 3. Nc3 {[%eval 9,0] [%emt 0:00:00]} Bb4 {[%eval 9,0] [%emt 0:00:00]} 4. e3 {[%eval 6,0] [%emt 0:00:00]} O-O {[%eval 11,0] [%emt 0:00:00]} 5. Nge2 {[%eval 0,0] [%emt 0:00:00]} c6 {[%eval 4,0] [%emt 0:00:00]} 6. a3 {[%eval 0,0] [%emt 0:00:00]} Ba5 {[%eval 5,0] [%emt 0:00:00]} 7. b4 {[%eval 0,0] [%emt 0:00:00]} Bc7 {[%eval 0,0] [%emt 0:00:00]} 8. d5 {[%eval 2,0] [%emt 0:00:00]} exd5 {[%eval 19,0] [%emt 0:00:00]} 9. cxd5 {[%emt 0:00:00]} d6 {[%emt 0:00:00]} 10. g3 {[%emt 0:00:00]} Qe8 {[%emt 0:00:00]} 11. Bg2 {[%emt 0:00:00]} a5 {[%emt 0:00:00]} 12. Bb2 {[%emt 0:00:00]} axb4 {[%emt 0:00:00]} 13. axb4 {[%emt 0:00:00]} Rxa1 {[%emt 0:00:00]} 14. Bxa1 {[%emt 0:00:00]} Na6 {[%emt 0:00:00]} 15. Qb1 {[%emt 0:00:00]} c5 {[%emt 0:00:00]} 16. bxc5 {[%emt 0:00:00]} Nxc5 {[%emt 0:00:00]} 17. O-O {[%emt 0:00:00]} Bg4 {[%emt 0:00:00]} 18. Nf4 {[%emt 0:00:00]} Nh5 {[%emt 0:00:00]} 19. Nb5 {[%emt 0:00:00]} Nxf4 {[%emt 0:00:00]} 20. exf4 {[%emt 0:00:00]} Qd7 {[%emt 0:00:00]} 21. Nxc7 {[%emt 0:00:00]} Qxc7 {[%emt 0:00:00]} 22. f5 {[%emt 0:00:00]} f6 {[%emt 0:00:00]} 23. f3 {[%emt 0:00:00]} Bh5 {[%emt 0:00:00]} 24. g4 {[%emt 0:00:00]} Bf7 {[%emt 0:00:00]} 25. f4 {[%emt 0:00:00]} Nd7 {[%emt 0:06:32]} 26. Kh1 {[%emt 0:00:00]} Qc5 {[%emt 0:00:34]} 27. Rd1 {[%emt 0:01:04]} Qe3 {[%emt 0:01:26]} 28. Qb4 {[%emt 0:00:58]} Nc5 {[%emt 0:02:03]} 29. Bd4 {[%emt 0:07:25]} Nd3 {[%emt 0:04:24]} 30. Bxe3 {[%emt 0:00:31]} Nxb4 {[%emt 0:00:01]} 31. g5 {[%emt 0:01:47]} Rc8 {[%emt 0:01:25]} 32. Kg1 {[%emt 0:00:38]} Rc3 {[%emt 0:00:47]} 33. Bd4 {[%emt 0:01:03]} Rd3 {[%emt 0:00:37]} 34. Rxd3 {[%emt 0:00:56]} Nxd3 {[%emt 0:00:02]} 35. gxf6 {[%emt 0:02:37]} Nxf4 {[%emt 0:00:12]} 36. Bf3 {[%emt 0:01:41]} gxf6 {[%emt 0:00:28]} 37. Bxf6 {[%emt 0:00:04]} Bxd5 {[%emt 0:00:20]} 38. Kf2 {[%emt 0:01:06]} Bxf3 {[%emt 0:01:11]} 39. Kxf3 {[%emt 0:00:04]} Kf7 {[%emt 0:00:19]} 40. Bd4 {[%emt 0:00:16]} Nd5 {[%emt 0:00:24]} 41. Ke4 {[%emt 0:00:49]} Nf6+ {[%emt 0:00:23]} 42. Kd3 {[%emt 0:00:34]} b5 {[%emt 0:00:11]} 43. Bb2 {[%emt 0:00:44]} Nd5 {[%emt 0:01:19]} 44. Kd4 {[%emt 0:00:36]} Ne7 {[%emt 0:00:15]} 45. Ke4 {[%emt 0:00:22]} b4 {[%emt 0:00:33]} 46. h4 {[%emt 0:01:02]} Nc6 {[%emt 0:01:00]} 47. Kd5 {[%emt 0:00:32]} Ne5 {[%emt 0:00:08]} 48. h5 {[%emt 0:00:31]} Nd3 {[%emt 0:00:17]} 49. Bd4 {[%emt 0:00:32]} b3 {[%emt 0:00:04]} 50. Kxd6 {[%emt 0:00:17]} b2 {[%emt 0:00:11]} 51. Bxb2 {[%emt 0:00:04]} Nxb2 {[%emt 0:00:05]} 52. Ke5 {[%emt 0:00:15]} h6 {[%emt 0:00:09]} 53. f6 {[%emt 0:00:45]} Nc4+ {[%emt 0:00:08]} 54. Kf5 {[%emt 0:00:30]} Nd6+ {[%emt 0:00:04]} 55. Ke5 {[%emt 0:00:15]} Ne8 {[%emt 0:00:04]} 56. Kd4 {[%emt 0:00:30]} 0-1

[Event "Calgary int."]
[Site "Calgary CAN"]
[Date "2025.08.02"]
[Round "5.5"]
[White "Bai, Jinghui"]
[Black "Ng, Gary"]
[Result "1/2-1/2"]
[WhiteElo "2031"]
[BlackElo "2234"]
[WhiteFideId "-1"]
[WhiteFideId "-1"]
[PlyCount "93"]
[GameId "2206451694772224"]
[EventDate "2025.07.31"]
[EventType "swiss"]
[EventRounds "9"]
[EventCountry "CAN"]

1. Nf3 g6 2. c4 Bg7 3. g3 e5 4. Nc3 Nc6 5. Bg2 Nge7 6. O-O O-O 7. d3 Nd4 8. Rb1 a5 9. e3 Ne6 10. d4 d6 11. b3 f5 12. dxe5 Nc6 13. Ba3 Nxe5 14. Nxe5 Bxe5 15. Qd2 Qf6 16. Nd5 Qf7 17. Bb2 Rd8 18. Rfd1 Bd7 19. a3 Bc6 20. Bc3 Bxc3 21. Qxc3 Qg7 22. Qxg7+ Kxg7 23. Nf4 Nxf4 24. exf4 Bxg2 25. Kxg2 b6 26. Kf3 Re8 27. Rd5 Re7 28. Rb2 Kf6 29. Rd3 Rae8 30. Re3 Rxe3+ 31. fxe3 Re4 32. a4 Ke6 33. Rd2 c6 34. g4 b5 35. axb5 cxb5 36. Ra2 bxc4 37. bxc4 Rxc4 38. gxf5+ gxf5 39. Rxa5 Rc2 40. Kg3 Re2 41. Ra3 Kd5 42. Rd3+ Kc5 43. h3 d5 44. Kf3 Rh2 45. Kg3 Re2 46. Kf3 Rh2 47. Kg3 1/2-1/2

[Event "Calgary int."]
[Site "Calgary CAN"]
[Date "2025.08.02"]
[Round "5.6"]
[White "Wu, Nathan Ping-Ying"]
[Black "Malek, Omid"]
[Result "1/2-1/2"]
[WhiteElo "1879"]
[BlackElo "2002"]
[WhiteFideId "-1"]
[WhiteFideId "-1"]
[PlyCount "104"]
[GameId "2206451694759936"]
[EventDate "2025.07.31"]
[EventType "swiss"]
[EventRounds "9"]
[EventCountry "CAN"]

1. e4 e6 2. d4 a6 3. c4 d5 4. cxd5 exd5 5. exd5 Nf6 6. Nc3 Be7 7. Qb3 O-O 8. g3 Re8 9. Nge2 Bd6 10. Bg2 b5 11. a3 Bf5 12. O-O Nbd7 13. Re1 Nb6 14. Nd1 Qd7 15. Ne3 Be4 16. Nc3 Bg6 17. Bd2 Rad8 18. Ne2 Be4 19. Rac1 Bxg2 20. Kxg2 Ne4 21. Ba5 h5 22. Bxb6 cxb6 23. Rc6 h4 24. Ng1 hxg3 25. hxg3 Rb8 26. Nf3 Re7 27. Qd3 Rbe8 28. Rxb6 f5 29. Rxa6 f4 30. Rxd6 Nxd6 31. Ne5 f3+ 32. Nxf3 Ne4 33. Ne5 Qh3+ 34. Kxh3 Nxf2+ 35. Kg2 Nxd3 36. Nxd3 Rxe3 37. Rxe3 Rxe3 38. Nc5 Kf7 39. Kf2 Re8 40. Ne6 Rh8 41. Kf3 Rh2 42. b3 Ra2 43. a4 bxa4 44. bxa4 Rxa4 45. Ke4 Ra3 46. g4 Ra1 47. Ke5 Re1+ 48. Kd6 Rc1 49. Nc5 Rd1 50. Ke5 Re1+ 51. Ne4 Ke7 52. d6+ Kf7 1/2-1/2

[Event "Calgary int."]
[Site "Calgary CAN"]
[Date "2025.08.02"]
[Round "5.7"]
[White "Prianichnikov, Michael"]
[Black "Alpuri, Aaqil"]
[Result "1/2-1/2"]
[WhiteElo "1843"]
[BlackElo "1998"]
[WhiteFideId "-1"]
[WhiteFideId "-1"]
[PlyCount "72"]
[GameId "2206451229065216"]
[EventDate "2025.07.31"]
[EventType "swiss"]
[EventRounds "9"]
[EventCountry "CAN"]

1. e4 c5 2. Nf3 d6 3. d4 cxd4 4. Nxd4 Nf6 5. Nc3 a6 6. Bc4 e6 7. Bb3 b5 8. O-O Be7 9. Qf3 Qb6 10. Be3 Qb7 11. Qg3 b4 12. Na4 Nc6 13. Nxc6 Qxc6 14. Nb6 O-O 15. Nxa8 Nxe4 16. Qf3 Qxa8 17. Qe2 d5 18. Rad1 a5 19. Ba4 Nd6 20. Bd4 Ba6 21. Qg4 Nf5 22. Rfe1 Nxd4 23. Qxd4 Bf6 24. Qb6 Bb7 25. Rb1 d4 26. f3 Rd8 27. Rbd1 Rd5 28. Qc7 Rg5 29. Be8 Qxe8 30. Qxb7 h5 31. Re4 Rc5 32. Qb6 Rxc2 33. Qxa5 Qd7 34. Qa8+ Rc8 35. Qa6 Rc5 36. Re2 Qd5 1/2-1/2

[Event "Calgary int."]
[Site "Calgary CAN"]
[Date "2025.08.02"]
[Round "5.8"]
[White "Wu, Jonathan"]
[Black "Iyer, Abhinav"]
[Result "1-0"]
[WhiteElo "2130"]
[BlackElo "1882"]
[WhiteFideId "-1"]
[WhiteFideId "-1"]
[PlyCount "131"]
[GameId "2206451229073408"]
[EventDate "2025.07.31"]
[EventType "swiss"]
[EventRounds "9"]
[EventCountry "CAN"]

1. e4 e5 2. Nf3 Nc6 3. d4 exd4 4. Nxd4 Bc5 5. Nb3 Bb6 6. Nc3 Nf6 7. Bg5 d6 8. Qe2 Nd4 9. Qd2 Nxb3 10. axb3 h6 11. Be3 Bxe3 12. Qxe3 a6 13. O-O-O Ng4 14. Qd2 Qg5 15. f4 Qa5 16. Kb1 Be6 17. h3 Nf6 18. Qe3 O-O-O 19. Qa7 Qb6 20. Qxb6 cxb6 21. f5 Bd7 22. Rxd6 Bc6 23. Rxd8+ Rxd8 24. Bd3 Re8 25. Re1 Nd7 26. Kc1 Ne5 27. Kd2 Kd7 28. Ke3 Ke7 29. Ne2 Kf6 30. Nd4 Re7 31. Rd1 Rd7 32. Rg1 h5 33. Nf3 Rd8 34. Nd2 Rd7 35. Be2 g6 36. Rf1 Kg5 37. fxg6 fxg6 38. Nf3+ Nxf3 39. Rxf3 Re7 40. Rf4 Re8 41. Bd3 h4 42. Rf7 Re6 43. Kd4 Rd6+ 44. Ke5 Rd8 45. Rf2 Re8+ 46. Kd6 b5 47. e5 Rd8+ 48. Kc7 Rd7+ 49. Kb6 Re7 50. Re2 Re6 51. Kc5 b6+ 52. Kd4 Bb7 53. Be4 Bc8 54. Rf2 Kh6 55. Rf7 Kg5 56. Rf8 Bd7 57. Bd5 Re7 58. Rf7 Rxf7 59. Bxf7 Bc6 60. Bd5 Be8 61. Bb7 a5 62. Kd5 Kf5 63. Kd6 b4 64. Bc8+ Kg5 65. e6 Kf6 66. Bd7 1-0

[Event "Calgary int."]
[Site "Calgary CAN"]
[Date "2025.08.02"]
[Round "5.9"]
[White "Darvekar, Yash"]
[Black "Zheng, Yanchen"]
[Result "1-0"]
[WhiteElo "1934"]
[BlackElo "1877"]
[WhiteFideId "-1"]
[WhiteFideId "-1"]
[PlyCount "123"]
[GameId "2206448787963904"]
[EventDate "2025.07.31"]
[EventType "swiss"]
[EventRounds "9"]
[EventCountry "CAN"]

1. e4 c5 2. Nf3 e6 3. d4 cxd4 4. Nxd4 Nc6 5. Nc3 Qc7 6. Be3 a6 7. Be2 Nf6 8. O-O Be7 9. f4 d6 10. Qe1 O-O 11. Qg3 Bd7 12. Kh1 b5 13. a3 Rfe8 14. Rae1 Bd8 15. Nxc6 Bxc6 16. Bd3 Rb8 17. Qh3 e5 18. fxe5 dxe5 19. Bg5 Qc8 20. Qh4 Qg4 21. Bxf6 Qxh4 22. Bxh4 Bxh4 23. g3 Bg5 24. Nd5 a5 25. h4 Bd8 26. Re2 Rb7 27. c4 bxc4 28. Bxc4 Kf8 29. b4 f6 30. Rb2 axb4 31. axb4 Bxd5 32. Bxd5 Rb8 33. g4 Be7 34. b5 Rec8 35. b6 Bc5 36. b7 Rd8 37. g5 Be7 38. Kg2 Ke8 39. gxf6 Bxf6 40. Kg3 h6 41. Kg4 Rd6 42. Ra1 Ke7 43. Ra8 Rdd8 44. Rc2 Kd7 45. Rxb8 Rxb8 46. Rc8 Rxc8 47. Be6+ Kxe6 48. bxc8=Q+ Kd6 49. Qb8+ Kc5 50. Kf5 Kd4 51. Qd6+ Ke3 52. h5 Ke2 53. Qxf6 gxf6 54. Kxf6 Kf3 55. Kxe5 Kg4 56. Kf6 Kxh5 57. e5 Kg4 58. e6 h5 59. e7 h4 60. e8=Q h3 61. Qe1 h2 62. Qh1 1-0

[Event "Calgary int."]
[Site "Calgary CAN"]
[Date "2025.08.02"]
[Round "6.2"]
[White "Thavandiran, Shiyam"]
[Black "Ivanov, Mike"]
[Result "1/2-1/2"]
[WhiteElo "2398"]
[BlackElo "2383"]
[WhiteFideId "-1"]
[WhiteFideId "-1"]
[PlyCount "58"]
[GameId "2206548369289216"]
[EventDate "2025.07.31"]
[EventType "swiss"]
[EventRounds "9"]
[EventCountry "CAN"]
[TimeControl "90+30"]

1. e4 {[%eval 17,0] [%emt 0:00:00]} e6 {[%eval 19,0] [%emt 0:00:00]} 2. d4 {[%eval 18,0] [%emt 0:00:00]} d5 {[%eval 14,0] [%emt 0:00:00]} 3. Nc3 {[%eval 9,0] [%emt 0:00:00]} Nf6 {[%eval 9,0] [%emt 0:00:00]} 4. e5 {[%eval 6,0] [%emt 0:00:00]} Nfd7 {[%eval 11,0] [%emt 0:00:00]} 5. Nce2 {[%eval 0,0] [%emt 0:00:00]} c5 {[%eval 4,0] [%emt 0:00:00]} 6. c3 {[%eval 0,0] [%emt 0:00:00]} Nc6 {[%eval 5,0] [%emt 0:00:00]} 7. h4 {[%eval 0,0] [%emt 0:00:00]} Qb6 {[%eval 0,0] [%emt 0:00:00]} 8. Nf3 {[%eval 5,0] [%emt 0:00:00]} cxd4 {[%eval 7,0] [%emt 0:00:00]} 9. cxd4 {[%eval 11,0] [%emt 0:00:00]} f6 {[%eval 55,0] [%emt 0:00:00]} 10. exf6 {[%eval 32,0] [%emt 0:00:00]} Nxf6 {[%eval 95,0] [%emt 0:00:00]} 11. Nc3 {[%eval 92,0] [%emt 0:00:00]} Bd6 {[%eval 72,0] [%emt 0:00:00]} 12. Bd3 {[%eval 77,0] [%emt 0:00:00]} Bd7 {[%eval 8,0] [%emt 0:00:00]} 13. O-O {[%eval 74,0] [%emt 0:00:00]} O-O {[%eval 72,0] [%emt 0:00:00]} 14. Be3 {[%eval 75,0] [%emt 0:00:00]} Rae8 {[%eval 68,0] [%emt 0:00:00]} 15. Ne5 {[%eval 75,0] [%emt 0:00:00]} Qd8 {[%eval 73,0] [%emt 0:00:00]} 16. f4 {[%eval 79,0] [%emt 0:00:00]} Bb4 {[%eval 75,0] [%emt 0:00:00]} 17. Qb3 {[%eval 69,0] [%emt 0:00:00]} Nxe5 {[%eval 94,0] [%emt 0:00:00]} 18. fxe5 {[%eval 72,0] [%emt 0:00:00]} Ng4 {[%eval 153,0] [%emt 0:00:00]} 19. Bg5 {[%eval 98,0] [%emt 0:00:00]} Qb6 {[%eval 99,0] [%emt 0:00:00]} 20. Ne2 {[%eval 105,0] [%emt 0:00:00]} Nxe5 {[%eval 108,0] [%emt 0:00:00]} 21. Bc2 {[%eval 53,0] [%emt 0:00:00]} Qb5 {[%eval 45,0] [%emt 0:00:00]} 22. dxe5 {[%eval 12,0] [%emt 0:00:42]} Bc5+ {[%eval 19,0] [%emt 0:00:00]} 23. Kh1 {[%eval 3,0] [%emt 0:00:53]} Qxe2 {[%eval 7,0] [%emt 0:00:13]} 24. Bd3 {[%eval 2,0] [%emt 0:02:54]} Qh5 {[%eval 2,0] [%emt 0:05:30]} 25. Qc2 {[%eval 7,0] [%emt 0:00:49]} Rc8 {[%eval 1,0] [%emt 0:01:10]} 26. Be2 {[%eval 13,0] [%emt 0:02:25]} Qe8 {[%eval 0,0] [%emt 0:00:08]} 27. Bd3 {[%eval 4,0] [%emt 0:00:48]} Qh5 {[%eval 22,0] [%emt 0:00:47]} 28. Be2 {[%eval -84,0] [%emt 0:00:08]} Qe8 {[%eval 31,0] [%emt 0:00:32]} 29. Bd3 {[%eval 46,0] [%emt 0:00:44]} Qh5 {[%eval 0,0] [%emt 0:03:14]} 1/2-1/2

[Event "Calgary int."]
[Site "Calgary CAN"]
[Date "2025.08.02"]
[Round "6.3"]
[White "Doknjas, Neil"]
[Black "Chandra, Anand Rishi"]
[Result "1/2-1/2"]
[WhiteElo "2225"]
[BlackElo "2169"]
[WhiteFideId "-1"]
[WhiteFideId "-1"]
[PlyCount "93"]
[GameId "2206548369313792"]
[EventDate "2025.07.31"]
[EventType "swiss"]
[EventRounds "9"]
[EventCountry "CAN"]

1. d4 d5 2. c4 e6 3. Nc3 Nf6 4. Nf3 Be7 5. cxd5 exd5 6. Bf4 c6 7. e3 O-O 8. Bd3 Nbd7 9. h3 Re8 10. O-O Nf8 11. Bh2 Ng6 12. Ne5 Nxe5 13. dxe5 Nd7 14. f4 b5 15. Ne2 Nf8 16. Kh1 a6 17. a4 b4 18. Nd4 Bd7 19. Nf3 f5 20. exf6 Bxf6 21. Ne5 c5 22. Qh5 Qe7 23. Qf3 Be6 24. Rad1 Bxe5 25. fxe5 Red8 26. Bb1 Ra7 27. Ba2 Rad7 28. Qe2 d4 29. Bxe6+ Qxe6 30. exd4 Rxd4 31. Rxd4 Rxd4 32. Qf3 Rd8 33. Bg1 Nd7 34. Rd1 Rf8 35. Qd5 Qxd5 36. Rxd5 Nb6 37. Rxc5 Nxa4 38. Rc2 Kf7 39. b3 Nc3 40. Rf2+ Ke7 41. Rxf8 Kxf8 42. Bc5+ Kf7 43. Bxb4 Nb5 44. Kg1 Ke6 45. Kf2 Nd4 46. Bc3 Nxb3 47. Ke3 1/2-1/2

[Event "Calgary int."]
[Site "Calgary CAN"]
[Date "2025.08.02"]
[Round "6.4"]
[White "Ng, Gary"]
[Black "Taylor, Tristan"]
[Result "1/2-1/2"]
[WhiteElo "2234"]
[BlackElo "1973"]
[WhiteFideId "-1"]
[WhiteFideId "-1"]
[PlyCount "66"]
[GameId "2206548369293312"]
[EventDate "2025.07.31"]
[EventType "swiss"]
[EventRounds "9"]
[EventCountry "CAN"]

1. d4 Nf6 2. Bf4 d5 3. e3 c5 4. c3 Nc6 5. Nd2 e6 6. Bd3 Bd6 7. Bg3 O-O 8. Ngf3 Qc7 9. dxc5 Bxg3 10. hxg3 e5 11. e4 Re8 12. Qc2 h6 13. O-O a5 14. Rfb1 Bg4 15. b4 axb4 16. cxb4 dxe4 17. Nxe4 Nd5 18. a3 Bxf3 19. gxf3 Nd4 20. Qc4 Qd7 21. Kg2 Nf5 22. Kh2 Nd4 23. Be2 Re6 24. Re1 Rg6 25. Rad1 Nf4 26. gxf4 Qe7 27. Ng3 Qh4+ 28. Kg2 Nf5 29. Bd3 Rxg3+ 30. fxg3 Qxg3+ 31. Kf1 Qxf3+ 32. Kg1 Qg3+ 33. Kf1 Qf3+ 1/2-1/2

[Event "Calgary int."]
[Site "Calgary CAN"]
[Date "2025.08.02"]
[Round "6.5"]
[White "Srinivasan, Hemant"]
[Black "Bai, Jinghui"]
[Result "0-1"]
[WhiteElo "2097"]
[BlackElo "2031"]
[WhiteFideId "-1"]
[WhiteFideId "-1"]
[PlyCount "78"]
[GameId "2206550831378432"]
[EventDate "2025.07.31"]
[EventType "swiss"]
[EventRounds "9"]
[EventCountry "CAN"]

1. d4 f5 2. Nf3 Nf6 3. c4 g6 4. g3 Bg7 5. Bg2 O-O 6. O-O d6 7. Nc3 c6 8. d5 e5 9. dxe6 Bxe6 10. Qd3 Na6 11. Ng5 Re8 12. Bf4 Nh5 13. Be3 Nc5 14. Nxe6 Nxe6 15. Rad1 f4 16. Bc1 Be5 17. Ne4 Qe7 18. e3 fxg3 19. hxg3 Rad8 20. g4 Nf6 21. f4 Nxe4 22. Qxe4 Nc5 23. Qf3 Bf6 24. g5 Bg7 25. b3 Qf7 26. Qg4 Qe6 27. f5 gxf5 28. Rxf5 Nd7 29. Rdf1 Ne5 30. Qg3 Rf8 31. e4 Ng6 32. Bd2 Qe7 33. Bc3 Be5 34. Bxe5 dxe5 35. Qc3 Rd4 36. Rf6 Rfd8 37. Bh3 Rd3 38. Qa5 Rxh3 39. Rf7 Qxg5+ 0-1

[Event "Calgary int."]
[Site "Calgary CAN"]
[Date "2025.08.02"]
[Round "6.6"]
[White "Malek, Omid"]
[Black "Wu, Jonathan"]
[Result "1-0"]
[WhiteElo "2002"]
[BlackElo "2130"]
[WhiteFideId "-1"]
[WhiteFideId "-1"]
[PlyCount "69"]
[GameId "2206548369301504"]
[EventDate "2025.07.31"]
[EventType "swiss"]
[EventRounds "9"]
[EventCountry "CAN"]
[TimeControl "90+30"]

1. e4 {[%eval 17,0] [%emt 0:00:00]} c5 {[%eval 19,0] [%emt 0:00:00]} 2. Nf3 {[%eval 18,0] [%emt 0:00:00]} d6 {[%eval 14,0] [%emt 0:00:00]} 3. d4 {[%eval 9,0] [%emt 0:00:00]} cxd4 {[%eval 9,0] [%emt 0:00:00]} 4. Nxd4 {[%eval 6,0] [%emt 0:00:00]} Nf6 {[%eval 11,0] [%emt 0:00:00]} 5. Nc3 {[%eval 0,0] [%emt 0:00:00]} a6 {[%eval 4,0] [%emt 0:00:00]} 6. Bg5 {[%eval 0,0] [%emt 0:00:00]} Nbd7 {[%eval 5,0] [%emt 0:00:00]} 7. f4 {[%eval 0,0] [%emt 0:00:00]} Qc7 {[%eval 0,0] [%emt 0:00:00]} 8. Qe2 {[%eval 5,0] [%emt 0:00:00]} h6 {[%eval 7,0] [%emt 0:00:00]} 9. Bh4 {[%eval 11,0] [%emt 0:00:00]} e6 {[%eval 55,0] [%emt 0:00:00]} 10. O-O-O {[%eval 32,0] [%emt 0:00:00]} Be7 {[%eval 95,0] [%emt 0:00:00]} 11. Bg3 {[%eval 92,0] [%emt 0:00:00]} Nc5 {[%eval 72,0] [%emt 0:00:00]} 12. e5 {[%eval 77,0] [%emt 0:00:00]} dxe5 {[%eval 8,0] [%emt 0:00:00]} 13. fxe5 {[%eval 74,0] [%emt 0:00:00]} Nfd7 {[%eval 72,0] [%emt 0:00:00]} 14. Ne4 {[%eval 75,0] [%emt 0:00:00]} Nxe4 {[%eval 68,0] [%emt 0:00:00]} 15. Qxe4 {[%eval 75,0] [%emt 0:00:00]} Nc5 {[%eval 73,0] [%emt 0:00:00]} 16. Qg4 {[%eval 79,0] [%emt 0:00:00]} g6 {[%eval 75,0] [%emt 0:00:00]} 17. Bd3 {[%eval 69,0] [%emt 0:00:00]} Nxd3+ {[%eval 94,0] [%emt 0:00:00]} 18. Rxd3 {[%eval 72,0] [%emt 0:00:00]} b5 {[%eval 153,0] [%emt 0:00:00]} 19. Rf1 {[%eval 98,0] [%emt 0:00:00]} O-O {[%eval 99,0] [%emt 0:00:00]} 20. Bf4 {[%eval 105,0] [%emt 0:00:00]} Kg7 {[%eval 108,0] [%emt 0:00:00]} 21. Rh3 {[%eval 53,0] [%emt 0:00:00]} Rh8 {[%eval 45,0] [%emt 0:00:00]} 22. Bxh6+ {[%eval 12,0] [%emt 0:00:00]} Rxh6 {[%eval 19,0] [%emt 0:00:00]} 23. Rxf7+ {[%eval 3,0] [%emt 0:00:00]} Kxf7 {[%eval 7,0] [%emt 0:00:00]} 24. Rxh6 {[%eval 2,0] [%emt 0:00:00]} Qxe5 {[%eval 2,0] [%emt 0:00:00]} 25. Qxg6+ {[%eval 7,0] [%emt 0:00:00]} Kf8 {[%eval 1,0] [%emt 0:00:00]} 26. Nf3 {[%eval 13,0] [%emt 0:00:00]} Qg7 {[%eval 0,0] [%emt 0:02:06]} 27. Qh5 {[%eval 4,0] [%emt 0:00:00]} Bf6 {[%eval 22,0] [%emt 0:02:05]} 28. Rh7 {[%eval -84,0] [%emt 0:00:00]} Qg8 {[%eval 31,0] [%emt 0:01:21]} 29. Qc5+ {[%eval 46,0] [%emt 0:00:00]} Ke8 {[%eval 0,0] [%emt 0:00:31]} 30. Qc6+ {[%eval 1,0] [%emt 0:00:00]} Kd8 {[%eval 0,0] [%emt 0:01:23]} 31. Qc7+ {[%eval 0,0] [%emt 0:00:00]} Ke8 {[%eval 3,0] [%emt 0:00:07]} 32. Ne5 {[%eval 5,0] [%emt 0:00:00]} Qf8 {[%eval 0,0] [%emt 0:07:00]} 33. Qc6+ {[%eval 7,0] [%emt 0:00:00]} Kd8 {[%eval 0,0] [%emt 0:00:03]} 34. Rd7+ {[%eval 7,0] [%emt 0:00:00]} Ke8 {[%eval 4,0] [%emt 0:00:24]} 35. Rf7+ {[%eval 1,0] [%emt 0:00:00]} 1-0

[Event "Calgary int."]
[Site "Calgary CAN"]
[Date "2025.08.02"]
[Round "6.7"]
[White "Komarov, Dimitri"]
[Black "Prianichnikov, Michael"]
[Result "1-0"]
[WhiteElo "2406"]
[BlackElo "1843"]
[WhiteFideId "-1"]
[WhiteFideId "-1"]
[PlyCount "51"]
[GameId "2206548369305600"]
[EventDate "2025.07.31"]
[EventType "swiss"]
[EventRounds "9"]
[EventCountry "CAN"]

1. d4 Nf6 2. c4 g6 3. Nc3 Bg7 4. Nf3 d6 5. Bg5 O-O 6. e3 Nbd7 7. Be2 b6 8. Qc2 Bb7 9. Rd1 Re8 10. O-O e5 11. d5 a5 12. a3 h6 13. Bh4 g5 14. Bg3 Nh5 15. Nd2 Nxg3 16. fxg3 Nf6 17. Nde4 Nxe4 18. Qxe4 Bc8 19. Rxf7 Kxf7 20. Rf1+ Qf6 21. Bh5+ Ke7 22. Rxf6 Bxf6 23. Bxe8 Kxe8 24. Qg6+ Ke7 25. Ne4 Bh8 26. Qh7+ 1-0

[Event "Calgary int."]
[Site "Calgary CAN"]
[Date "2025.08.02"]
[Round "6.8"]
[White "Alpuri, Aaqil"]
[Black "Wu, Nathan Ping-Ying"]
[Result "1-0"]
[WhiteElo "1998"]
[BlackElo "1879"]
[WhiteFideId "-1"]
[WhiteFideId "-1"]
[PlyCount "83"]
[GameId "2206548369297408"]
[EventDate "2025.07.31"]
[EventType "swiss"]
[EventRounds "9"]
[EventCountry "CAN"]

1. e4 d5 2. exd5 Qxd5 3. Nc3 Qd8 4. Nf3 Nf6 5. d4 Bg4 6. Be2 Nbd7 7. O-O e6 8. Bf4 c6 9. Re1 Be7 10. h3 Bh5 11. Ne5 Bxe2 12. Qxe2 O-O 13. Rad1 Nd5 14. Nxd5 cxd5 15. c3 Nxe5 16. Bxe5 Bd6 17. Rd3 Bxe5 18. dxe5 b5 19. Rg3 Rb8 20. Qg4 g6 21. h4 Qe7 22. Rd1 Rfc8 23. Rd4 Rc4 24. Rf3 Rxd4 25. Qxd4 Rc8 26. Rf4 Rc4 27. Qe3 Rc8 28. a4 Qc5 29. Qf3 Rc7 30. axb5 Qxb5 31. Rb4 Qa6 32. h5 gxh5 33. Qxh5 Rc4 34. Qg5+ Kh8 35. Qd8+ Kg7 36. Rb8 Kg6 37. Qf6+ Kh5 38. Qxf7+ Kh6 39. Rg8 Qa1+ 40. Kh2 Qc1 41. Qg7+ Kh5 42. g4+ 1-0